000 00977nam a22002897i 4500
999 _c23593
_d23593
003 AR-CdUCM
008 260406b20232023 pe |||| |||| 00| 0 spa d
020 _a978-612-5112-77-4
040 _aMUNICIPALIDAD PROVINCIAL DEL CUSCO
_cBIBLIOTECA MUNICIPAL DEL CUSCO
041 _hspa
082 _a158.1
_bB34
100 _aBecerra, Hawi H.
_952527
245 _aLos puentes de la vida :
_bCrea un cambio positivo en ti y haz realidad tus sueños /
300 _a277 páginas. :
_c23x15 cm.
505 _aPuente elevado -- Ego -- Perspectiva -- Cruzar los puentes -- No rendirse -- Zona de confort -- Camino plano -- Tensores de tu puente
650 _aRendirse
_952528
650 _aFracasos
_952529
650 _aCríticas
_928278
650 _aMiedos
_952530
650 _aExcusas
_952531
650 _aEscalera
_952532
650 _aMetas
_952533
650 _aTenacidad
_952534
856 _fwww.grupoigneo.com
942 _2ddc
_cLIBROS
945 _apbjr
_d06-04-2026